[Event "Hilversum KRO m"]
[Site "Hilversum"]
[Date "1990.??.??"]
[Round "3"]
[White "Seirawan, Yasser"]
[Black "Timman, Jan H"]
[Result "1-0"]
[WhiteElo "2635"]
[BlackElo "2660"]
[Annotator "Ftacnik,L"]
[PlyCount "45"]
[EventDate "1990.12.??"]
[EventType "match"]
[EventRounds "6"]
[EventCountry "NED"]
[SourceTitle "CBM 021"]
[Source "ChessBase"]
[SourceDate "1991.04.01"]
[SourceVersion "1"]
[SourceVersionDate "1991.04.01"]
[SourceQuality "1"]

1. d4 Nf6 2. c4 e6 3. Nf3 b6 4. Nc3 Bb4 5. Qb3 c5 6. a3 Ba5 7. Bg5 h6 8. Bh4 $1
(8. Bd2 O-O 9. e3 cxd4 10. exd4 Ba6 11. Qc2 Bxc3 12. Bxc3 d5 $10 {Seirawan,
Y-Van der Wiel,J/Rotterdam WCT/1989/ ->CBM 13}) 8... Nc6 $6 (8... g5 $6 9. Bg3
g4 10. Nd2 cxd4 11. Nb5 Bxd2+ (11... Ne4 12. Nd6+ Nxd6 13. Bxd6 $36) 12. Kxd2
Ne4+ 13. Ke1 Nxg3 14. Qxg3 $40) 9. O-O-O $1 (9. e3 g5 10. Bg3 Ne4) (9. dxc5
bxc5 10. e3 Rb8 11. Qc2 g5 12. Bg3 Rxb2 13. Qxb2 Ne4 14. Rc1 Qf6 $19) (9. Rd1
g5 10. Bg3 Ne4 (10... g4 11. d5 $1) 11. d5 $6 Bxc3+ 12. bxc3 Na5) 9... Bxc3 10.
Qxc3 cxd4 11. Nxd4 Ne4 $5 12. Qh3 Qc7 $2 (12... g5 13. Qe3 (13. Nxc6 Qc7) 13...
f5 $5 (13... gxh4 14. Qxe4 Nxd4 15. Rxd4 Ba6 16. e3 $16) 14. Nxe6 $1 (14. f3
gxh4 15. fxe4 Qg5 16. Qxg5 hxg5 17. exf5 Nxd4 18. Rxd4 exf5) (14. Nxc6 Qc7 15.
f3 Qxc6 16. fxe4 (16. Be1 Qxc4+ 17. Kb1 Nc5 18. Qe5 $1) 16... gxh4 17. exf5
Qxc4+ $13) 14... Qe7 (14... Qf6 $5 15. Nc7+ Kd8 16. Nxa8 gxh4) 15. Nc7+ Kd8 16.
Nxa8 f4 (16... gxh4 17. Nxb6 $1 axb6 18. Qxb6+ Ke8 19. g3 $16) 17. Qxf4 $1 gxf4
18. Bxe7+ Nxe7 19. Rd4 Nxf2 (19... Bb7 20. Nxb6 axb6 21. f3) 20. Rg1 Rf8 (20...
Bb7 21. Nxb6 axb6 22. Rxf4) 21. g3 fxg3 22. hxg3 Bb7 23. Bg2 Nc6 24. Bxc6 Bxc6
25. Rf4 Rxf4 26. gxf4 Bxa8 27. Rg8+ $18) 13. Nb5 Qe5 (13... Qf4+ 14. e3 Qe5 15.
f4 Qb8) 14. Qe3 $1 f5 (14... g5 15. f4 $1 gxf4 (15... Qxf4 16. Qxf4 gxf4 17.
Nc7+) (15... Qf5 16. g4 Qh7 17. Bg2) 16. Qxe4) (14... a6 15. Qxe4 axb5 16. Qxc6
$1 dxc6 17. Rd8#) (14... O-O 15. f3 Nc5 (15... Nf6 16. Qxe5 Nxe5 17. e4 $16)
16. Qxe5 Nxe5 17. Be7 Re8 18. Bxc5 bxc5 19. Nc7) 15. f4 $1 (15. f3 a6) 15...
Qb8 16. g4 O-O 17. Bg2 (17. gxf5 Rxf5 18. Qxe4 Rxf4 19. Qg6 Rxh4 20. Nd6 Ba6)
17... d5 (17... a6 18. gxf5 axb5 19. Bxe4) 18. gxf5 exf5 (18... Rxf5 19. Bxe4
Qxf4 (19... dxe4 20. Nd6 $18) 20. Qxf4 Rxf4 21. cxd5 Rxe4 22. dxc6 Rxh4 23.
Rd8+ $18) 19. Bxe4 $1 (19. cxd5 Ba6 20. dxc6 Bxb5 21. Qb3+ $6 Kh8 22. Qxb5
Qxf4+ 23. Kb1 Qxh4) 19... fxe4 $6 (19... dxe4 20. Rd6 $16) 20. cxd5 Ba6 21. Nc3
Na5 22. d6 Nc4 23. Qd4 {Ftacnik,L} 1-0

[Event "Hilversum KRO m"]
[Site "Hilversum"]
[Date "1990.??.??"]
[Round "5"]
[White "Seirawan, Yasser"]
[Black "Timman, Jan H"]
[Result "1-0"]
[WhiteElo "2635"]
[BlackElo "2660"]
[Annotator "Ftacnik,L"]
[PlyCount "51"]
[EventDate "1990.12.??"]
[EventType "match"]
[EventRounds "6"]
[EventCountry "NED"]
[SourceTitle "CBM 021"]
[Source "ChessBase"]
[SourceDate "1991.04.01"]
[SourceVersion "1"]
[SourceVersionDate "1991.04.01"]
[SourceQuality "1"]

1. d4 Nf6 2. c4 e6 3. Nf3 b6 4. Nc3 Bb4 5. Qb3 c5 6. a3 Ba5 7. Bg5 Nc6 8. O-O-O
Bxc3 9. d5 $1 (9. Qxc3 cxd4 10. Nxd4 Ne4) 9... exd5 $2 (9... Na5 10. Qxc3 Ne4
11. Qxg7) (9... Nd4 10. Qxc3 Nxf3 11. Qxf3 $16) (9... Bxb2+ 10. Qxb2 Ne7 11. e4
Nxe4 12. dxe6 fxe6 13. Bd3 $1) (9... Be5 $1 10. dxc6 Qc7) 10. cxd5 Be5 11. dxc6
Qe7 12. cxd7+ Bxd7 13. e3 Rd8 (13... O-O 14. Nxe5 Qxe5 15. Bxf6 $18) (13... Bc6
14. Bb5) 14. Rxd7 $1 Rxd7 (14... Kxd7 15. Qa4+ (15. Bb5+ Kc8 16. Ba6+ Kd7 17.
Nxe5+ Qxe5 18. Qxf7+ Qe7 19. Rd1+ $18) 15... Kc8 (15... Ke6 16. Bc4+ Kf5 17.
Qc2+) 16. Ba6+ Kb8 17. Nxe5 $18) 15. Bb5 Bd6 16. Rd1 (16. Qa4) 16... O-O 17.
Bxd7 Qxd7 18. Bf4 c4 (18... Ne8 19. Qd5 $18) 19. Qc2 Ne8 20. Ng5 f5 (20... g6
21. Ne4) 21. Qxc4+ Kh8 22. Bxd6 Nxd6 23. Qd5 Rd8 24. Ne6 $1 (24. Qxd6 $2 Qc8+
25. Kb1 Rxd6 26. Rxd6 Kg8 27. Ne6 Kf7) 24... Qc8+ 25. Kb1 Rd7 26. Qxd6 $1 {
Ftacnik,L} 1-0

[Event "Chess Champions League"]
[Site "Vitoria Gasteiz"]
[Date "2007.11.09"]
[Round "6"]
[White "Ponomariov, Ruslan"]
[Black "Polgar, Judit"]
[Result "1-0"]
[WhiteElo "2705"]
[BlackElo "2708"]
[Annotator "Ftacnik,L"]
[PlyCount "71"]
[EventDate "2007.11.02"]
[EventType "tourn"]
[EventRounds "10"]
[EventCountry "ESP"]
[EventCategory "19"]
[SourceTitle "CBM 121"]
[Source "ChessBase"]
[SourceDate "2007.11.14"]
[SourceVersion "1"]
[SourceVersionDate "2007.11.14"]
[SourceQuality "1"]

1. d4 Nf6 2. c4 e6 3. Nc3 Bb4 4. Nf3 O-O 5. Bg5 c5 6. Rc1 h6 7. Bh4 cxd4 8.
Nxd4 b6 {It would be very optimistic to believe, that this game will enhance
the popularity of this side line. Black scores much better with the move 8...
Nc6.} 9. e3 Bb7 10. Ndb5 $1 Na6 11. Nd6 Bxd6 12. Qxd6 {At this moment the
omens are not especially good for Black. The absence of the dark squared
bishop will be felt for the rest of the game.} Rc8 (12... Qc7 13. Nb5 $16) 13.
f3 Rc6 14. Qd4 Qe7 15. Be2 (15. Rd1 Rd8 16. Be2 $16) 15... g5 $6 {Polgar shows
her teeth, but weakens the kingside forever. Ponomariov will demonstrate his
attacking skills with great confidence.} (15... Nc7 16. O-O d5 17. cxd5 exd5
18. Bd3 $16) 16. Bg3 d5 (16... Nh5 17. Rd1 (17. Bf2 f5 18. h4 $16) 17... Nxg3
18. hxg3 Rd8 19. Ne4 $16) 17. h4 (17. Be5 Nd7 18. cxd5 exd5 19. Bg3 $16) 17...
Nh5 (17... dxc4 $2 18. hxg5 hxg5 19. Ne4 Nh7 20. Bd6 $18) 18. Bf2 Ng7 19. hxg5
hxg5 (19... Qxg5 20. cxd5 exd5 21. g4 $16) 20. Qe5 $5 {[%mdl 128] This funny
looking move aims to relocate the white queen to the open h-file. Black is
slowly facing the impossible task of defending the hopeless cause.} (20. cxd5
exd5 21. Bb5 Rc5 22. a3 $16) 20... f6 (20... dxc4 $2 21. Nd5 $18) 21. Qh2 (21.
Nxd5 Qd8 22. Qh2 exd5 23. Qh7+ Kf7 24. Rd1 $40) 21... dxc4 (21... Nc7 22. f4
$16) 22. f4 g4 {Moves like this are not made with love; Black desperately
tries to avoid the impending disaster.} (22... Kf7 23. fxg5 fxg5 24. Bh5+ Nxh5
25. Qxh5+ Kg8 26. Bg3 $18) (22... gxf4 $4 23. Qh7+ Kf7 24. Bh5#) 23. Bxg4 Rc5
24. e4 Kf7 (24... Rc7 $4 25. Qh7+ Kf7 26. Bh5#) (24... Ra5 25. e5 Kf7 26. Bh5+
Nxh5 27. Qxh5+ Kg8 28. Rh4 $18) 25. Bxc5 {Any decent computer program would be
ashamed to grab the material, since the direct attack was winning much more
swiftly.} (25. e5 $5 Rc7 (25... Ke8 26. Bh4 Nb4 27. Be2 Nd3+ 28. Bxd3 cxd3 29.
exf6 $16) 26. Rd1 Ke8 27. Bh4 $18) 25... Qxc5 (25... Nxc5 26. Be2 Rd8 27. Kf1
Nd3 28. Rd1 $18) 26. Qh7 Ke7 (26... Bxe4 27. Qxe4 f5 28. Qb7+ $18) (26... Qe3+
27. Ne2 Rg8 28. Bxe6+ $18) 27. Qxg7+ {Once again it made more sense to refrain
from consuming the the spoils, but Ponomariov is simply spoilt for choice...} (
27. Rd1 $5 Rf7 (27... Qe3+ 28. Ne2 Nc5 29. e5 Ne4 30. Qxg7+ Rf7 31. Qxf7+ $1 (
31. Rd7+ Kxd7 32. Qxf7+ $18) 31... Kxf7 32. Rd7+ Ke8 33. Bxe6 $18) 28. Qg8 Ne8
29. Bh5 $18) 27... Rf7 28. Qg8 Nb4 (28... Qe3+ 29. Ne2 Nc5 30. Rd1 Nd3+ 31.
Rxd3 cxd3 32. Rh8 $18) 29. Ke2 (29. Rd1 Nd3+ 30. Rxd3 cxd3 31. Bh5 $18) 29...
Nd3 30. Rcf1 Qb4 31. Rh8 $1 Qxb2+ 32. Ke3 {The race on the board doesn't look
nice for Black. White's king sits in relative safety while Black is hopelessly
exposed.} Kd6 (32... Qxc3 33. Qd8#) 33. e5+ $5 (33. Qb8+ $1 Rc7 (33... Kc6 34.
Qe8+ $18) 34. Rh7 $18) 33... fxe5 34. fxe5+ Nxe5 (34... Kxe5 35. Qb8+ $18) 35.
Qb8+ Rc7 (35... Kc6 36. Qxe5 Rxf1 37. Qxe6+ $18) 36. Rd1+ (36. Rd1+ Kc6 37.
Qe8+ Rd7 38. Bf3+ $18) 1-0

[Event "EU-Cup 18th"]
[Site "Kallithea"]
[Date "2002.09.28"]
[Round "7.3"]
[White "Varga, Zoltan"]
[Black "Gritsak, Orest"]
[Result "1-0"]
[WhiteElo "2528"]
[BlackElo "2542"]
[Annotator "Gershon,A"]
[PlyCount "71"]
[EventDate "2002.09.22"]
[EventType "team-swiss"]
[EventRounds "7"]
[EventCountry "GRE"]
[SourceTitle "CBM 092"]
[Source "ChessBase"]
[SourceDate "2003.02.06"]
[SourceVersion "1"]
[SourceVersionDate "2003.02.06"]
[SourceQuality "1"]
[WhiteTeam "Sarajevo Napredak"]
[BlackTeam "Karpaty"]
[WhiteTeamCountry "BIH"]
[BlackTeamCountry "UKR"]

1. d4 Nf6 2. c4 e6 3. Nc3 Bb4 4. Bd2 {this move order allows white to
transpose into Queen's Indian positions, without allowing black to enter
favorable versions of Queen's Gambit, after 3.Nf3} O-O 5. Nf3 b6 6. g3 Bb7 7.
Bg2 d6 8. O-O Nbd7 9. b3 {This move is useful, since white cannot play without
it anyway, after black's a7-a5} (9. Rc1 Bxc3 (9... a5 {deserves serious
attention, since white has no useful moves to improve his position.} 10. Be3
Bxc3 11. Rxc3 Re8 12. Qa4 Qb8 13. Rd1 Be4 14. Nh4 Bxg2 15. Nxg2 Qb7 16. f3 c6
17. Qa3 d5 $15 {[%csl Re3] 0-1 Vukelic,T-Cvitan,O/Pula CRO 2002/The Week in
Chess 393 (40)}) 10. Bxc3 Ne4 11. d5 Ndf6 12. Bxf6 Nxf6 13. Nd4 e5 14. Nb5 a6
15. Nc3 Qe7 16. e4 Bc8 17. Qd2 Bd7 18. f4 $14 {1-0 Ikonnikov,V-Krzywicki,D/
Prague 1990/EXT 97 (44). (43)}) (9. Rb1 {is a bit awkward} Bxc3 10. Bxc3 Ne4
11. Bb4 f5 12. Qc2 Qe8 13. Rfc1 Qh5 14. d5 e5 {0-1 Nickoloff,B-Zarnicki,P/
Moscow 1994/CBM 44 ext (37) with good game for black}) 9... a5 10. Qc2 Qb8 $2 (
10... Qe7 {the Q is much better placed on e7. There is no need to put it on b8
(b7) when the idea is to play c6 d5 anyway.}) 11. Rfe1 {[%cal Ge2e4] e4 is
already a threat now} Bxc3 12. Bxc3 Be4 13. Qd1 c6 $6 (13... Qb7 {i would
prefer keeping the pressure on the long diagonal..}) 14. Rc1 Re8 $6 {too slow}
(14... e5 $142 {getting space in the center.}) 15. Bh3 d5 (15... h6 16. Nd2 Bh7
17. e4 {is not good for black}) 16. Ne5 Nxe5 17. dxe5 Nd7 18. f3 Bg6 19. cxd5
cxd5 20. Qd4 $14 {after the series of exchanges in the center, white has
obtained a pleasant edge, due to black's weakened Q side, a slight spacial
advantage, and a pair of bishops, which can tell in the endgame} Qb7 21. Red1 (
21. e3 $5 Nb8 22. Bf1 Nc6 23. Qd2 {would lead to approx. same position}) 21...
Nb8 22. Qd2 Nc6 23. e3 {[%cal Gh3f1,Gf1b5] using black's weakened squares.}
Rec8 24. Bf1 h6 25. Bb5 Na7 $1 {not allowing white to get a good hold on b5}
26. Be2 Nc6 27. Bb2 {[%cal Gc1c3,Gd1c1] white plays well, preparing to slowly
improve his position, by doubling on the 'c' file. black's biggest problem, is
that exchanging all the heavy pieces will lead to a lost endgame, due to his
weakened Q side.} Rc7 28. Rc3 Rac8 29. Rdc1 Nxe5 $4 {a very strange decision !
I can't really imagine what was black's idea while playing this move. It is
possible, that he thought that white must take on c7 twice, after which the
queen would defend the knight. However, black's position isn't easy at all.} (
29... b5 30. Rc5 b4 31. Kg2 Qb6 32. Bf1 $16 {[%cal Gd2e2,Ge2b5]}) 30. Rxc7
Nxf3+ 31. Bxf3 Rxc7 {now it's all over} 32. Rxc7 Qxc7 33. Qc3 Qxc3 34. Bxc3 Bb1
35. a4 Bc2 36. Be2 1-0

[Event "ARG-ch Najdorf Memorial"]
[Site "Buenos Aires"]
[Date "1999.11.20"]
[Round "2"]
[White "Sorin, Ariel"]
[Black "Campora, Daniel Hugo"]
[Result "1-0"]
[WhiteElo "2501"]
[BlackElo "2543"]
[Annotator "Gershon,A"]
[PlyCount "99"]
[EventDate "1999.11.19"]
[EventType "tourn"]
[EventRounds "13"]
[EventCountry "ARG"]
[EventCategory "9"]
[SourceTitle "CBM 074"]
[Source "ChessBase"]
[SourceDate "2000.02.01"]
[SourceVersion "1"]
[SourceVersionDate "2000.02.01"]
[SourceQuality "1"]

1. d4 Nf6 2. c4 e6 3. Nf3 b6 4. g3 Ba6 5. Qa4 Qc8 {Black chooses not to commit
on his plan yet, keeping the option of playing both c5 and c6-d5 later on.
However, giving up a tempo ( the queen is rarely needed on c8) allows white
get a comfortable advantage.} ({the normal continuation is:} 5... c5) 6. Nc3 (
6. Bg2 c6 (6... c5 7. dxc5 (7. d5) 7... Bxc5 8. Nc3 O-O 9. Bg5 Be7 10. Rc1 Bb7
11. O-O d6 12. Rfd1 a6 13. Bxf6 gxf6 14. Ne1 f5 15. e4 fxe4 16. Nxe4 Rd8 17.
Qb3 f5 18. Nc3 Nd7 19. Na4 Bxg2 20. Nxg2 Qc6 21. Nf4 $16 {1-0 Inkiov,V-Vaidya,
A/Calcutta 1986/TD (38)}) 7. Nc3 Be7 8. O-O O-O 9. Bf4 d5 10. cxd5 Nxd5 11.
Nxd5 cxd5 12. Rfc1 Qd7 13. Qxd7 Nxd7 14. Rc7 $16 Rfd8 15. e4 Kf8 16. exd5 exd5
17. Rd1 Bb4 18. Rdc1 h6 19. a3 Be7 20. h4 Bb5 21. Bh3 Nf6 22. Ne5 Be8 23. Nc6
Bxc6 24. R1xc6 Ne8 25. Rb7 Bd6 26. Bd2 Be7 27. Bd7 Nd6 28. Rbc7 Nb5 29. Bg4
Nxc7 30. Rxc7 a5 31. Bh5 b5 32. Bf4 b4 33. a4 Ra6 34. Kf1 Ke8 35. Rb7 Rc6 36.
Bd1 Bf6 37. Be3 Rc4 38. b3 Rxd4 39. Bxd4 Bxd4 40. Rb5 Rd6 41. Bf3 Rf6 42. Kg2 {
1/2-1/2 Molnar,I-Paksa,R/HUN-chT2 1993/TD (42)}) 6... Bb7 {This make more
sense than the other two moves tried here previously, but the rises the
question why not play this immediately without wastng a tempo.} 7. Bg2 (7. Qc2
$2 c5 8. e4 (8. d5 exd5 9. cxd5 Nxd5 10. Qe4+ Ne7 {The difference between this
and the usual lines with the Q on d8 is that here the B is protected}) 8...
cxd4 9. Nxd4 Nc6 $15) 7... Ne4 8. Qc2 Bb4 9. O-O Bxc3 10. bxc3 f5 {Black's
main idea is to establish himself on 'e4'. However, to accomplish this he
would need two more tempi ( d6, Nd7), and even then ,of course, it is
problematic whether he would be able to keep the pieces there (e.g. Ne1, f3)}
11. d5 $5 {[%csl Ga8,Gb7,Gb8,Gc8,Ge8] expoiting his advantage in development
white opens up lines and diagonals.} O-O (11... exd5 12. Nd4 O-O 13. cxd5 Bxd5
14. g4 $1 $16 g6 $140 15. gxf5 gxf5 16. Nxf5 Rxf5 17. Bxe4 Bxe4 18. Qxe4 d5 19.
Qg4+ $40) 12. Ng5 exd5 (12... Nxg5 13. Bxg5 Na6 14. e4 fxe4 15. Bxe4 h6 16. Be3
$16) 13. cxd5 Bxd5 14. Rd1 {Black is a pawn up but it is obvious that white
has more than enough compensation for the pawn} Qb7 {[%cal Gb7g2]} 15. Rxd5 $1
Qxd5 16. Ba3 $1 (16. Nxe4 fxe4 17. Bxe4 Qf7 18. Bxh7+ (18. Bxa8 $4 Qxf2+ 19.
Kh1 Qf1#) 18... Kh8 19. Be3 Nc6 $13) 16... Nc6 (16... Re8 17. Rd1 {[%csl Gg8]
[%cal Gc2b3,Gb3g8]} Qc4 (17... Qb5 18. Nxe4 fxe4 19. Bxe4 Nc6 20. Rxd7 $18) 18.
Rd4 Qxc3 (18... Qb5 19. Bxe4 fxe4 20. Rxe4 $18 {[%csl Ga8,Gh7][%cal Ge4e8,
Ge4h7,Ge4a8]}) 19. Bxe4 Qxc2 (19... Qe1+ 20. Kg2 fxe4 21. Qc4+ $18) (19... Qxd4
20. Qb3+ d5 21. Qxd5+ Qxd5 22. Bxd5+ Kh8 23. Nf7+ Kg8 24. Nd6+ Kh8 25. Nxe8 $18
) 20. Bxc2 $16) 17. Rd1 Qb5 18. Nxe4 fxe4 19. Bxf8 Rxf8 20. Bxe4 {[%csl Gh7]}
Qh5 21. Rd5 Qh6 22. Rxd7 $18 {White has an extra pawn up and a better position}
Ne5 23. Rd4 (23. Rxc7 Ng4 24. h4 Kh8 (24... Nxf2 25. Bd5+ Kh8 26. Qf5 $1 $18)
25. Bf5 Nxf2 {would give blac unnecessary chances}) 23... g6 (23... Ng4 $4 24.
Bd5+ Kh8 25. Rxg4 $18) 24. Qb3+ Kg7 25. Qe6 Qg5 26. Bd5 {[%cal Gf2f4]} (26. f4
Rxf4) 26... Qf6 27. f4 Qxe6 28. Bxe6 {white forces black enter a hopeless
endgame} Kf6 29. Bb3 Ng4 30. Rd7 g5 31. fxg5+ Kxg5 32. Rg7+ $1 Kh5 33. Rxh7+
Kg6 34. Bc2+ Kf6 35. Rxc7 {The rest is pointless} Ne3 36. Be4 Re8 37. Bf3 Re7
38. Rc8 Re5 39. Kf2 Nd1+ 40. Ke1 Ne3 41. h4 Ra5 42. g4 Rxa2 43. Kf2 Nd1+ 44.
Kg3 Ra3 45. g5+ Ke7 46. c4 Nc3 47. Kf4 b5 48. g6 Kf6 49. Rc6+ Kg7 50. Kg5 1-0

[Event "ARG-ch"]
[Site "Argentina"]
[Date "1995.??.??"]
[Round "12"]
[White "Tempone, Marcelo"]
[Black "Rosito, Jorge"]
[Result "1-0"]
[WhiteElo "2435"]
[BlackElo "2340"]
[Annotator "Giese"]
[PlyCount "51"]
[EventDate "1995.??.??"]
[EventType "tourn"]
[EventRounds "15"]
[EventCountry "ARG"]
[EventCategory "9"]
[SourceTitle "CBM 049"]
[Source "ChessBase"]
[SourceDate "1995.12.01"]
[SourceVersion "1"]
[SourceVersionDate "1995.12.01"]
[SourceQuality "1"]

1. Nf3 Nf6 2. c4 e6 3. Nc3 Bb4 4. g3 b6 5. Bg2 Bb7 6. O-O O-O 7. d4 Bxc3 8.
bxc3 d6 9. a4 Nc6 10. Nd2 Qc8 11. e4 e5 12. Bb2 Re8 13. f4 Na5 14. fxe5 dxe5
15. Rxf6 $1 {up to this point, Black has no change to defend his kingside
Jetzt besitzt Schwarz keine Chance mehr, seinen Königsflügel zu verteidigen}
gxf6 16. Qh5 Qd8 (16... Kh8 17. Bh3 Qd8 18. Bf5 $18) (16... Kf8 17. Bh3 Qd8 18.
Qh6+ Ke7 19. Ba3+ c5 20. dxc5 $18) 17. Rf1 Bc8 18. d5 $1 {[%csl Ge6]} Qe7 19.
Qh6 Bd7 20. Rxf6 Qf8 21. Qh4 Qg7 22. Bf3 Nb7 23. Bc1 Kh8 24. Nf1 Nc5 25. Bh6
Qg8 26. Rc6 1-0

[Event "FRA-ch 55th"]
[Site "Puteaux"]
[Date "1980.08.23"]
[Round "4"]
[White "Sellos, Didier"]
[Black "Giffard, Nicolas"]
[Result "0-1"]
[WhiteElo "2310"]
[BlackElo "2300"]
[Annotator "Giffard,N/Primel,D"]
[PlyCount "60"]
[EventDate "1980.08.20"]
[EventType "swiss"]
[EventRounds "11"]
[EventCountry "FRA"]
[SourceTitle "EXT 2007"]
[Source "ChessBase"]
[SourceDate "2006.11.23"]
[SourceVersion "1"]
[SourceVersionDate "2006.11.23"]
[SourceQuality "1"]

1. d4 Nf6 2. c4 e6 3. Nf3 b6 4. Nc3 Bb7 5. Bg5 h6 6. Bxf6 (6. Bh4 {La grande
ligne} Bb4 {Flohr,S-Botvinnik,M Moscow 1936 1/2}) 6... Qxf6 7. e4 {[%csl Rb7,
Gc4,Gd4,Ge4]} Bb4 8. Qc2 (8. Bd3 c5 {Geller,E-Boleslavsky,I Candidates
Tournament 1953 (4) 0-1}) 8... Qg6 {[%cal Gb7e4,Gg6e4,Gb4c3]} 9. Nd2 Bxc3 10.
bxc3 O-O 11. f3 d6 12. Kf2 e5 13. d5 Nd7 14. Be2 c6 $1 15. dxc6 (15. Nf1 $142 {
[%cal Gf1e3]} f5 16. exf5 Qxf5 17. Qxf5 Rxf5 18. Ng3 $11 {[%cal Gg3f5,Gg3e4]})
15... Bxc6 16. Nf1 {[%csl Gd5][%cal Gf1e3,Ge3d5,Ge3f5]} f5 $36 {[%cal Gf8f2]}
17. exf5 Rxf5 18. Ne3 {[#]} e4 $3 {[%csl Rf2][%cal Gf5f2,Gc6g2] Un sacrifice
de qualité intuitif pour exploiter la mauvaise position du Roi blanc.} 19. Nxf5
Qxf5 {[%cal Ge4e3,Rf5c2] Menaçant 20...e3+} 20. Qd2 Ne5 $1 $40 {[%csl Ge5]} (
20... exf3 $1 {Semble plus fort pour ouvrir l'aile-roi mais c'était aussi ...
moins beau} 21. gxf3 Ne5 {[%csl Rf3][%cal Gc6h1,Ge5f3]} 22. Rhf1 Nxf3 23. Qxd6
Qe4 24. Bd3 Ng5 $1 (24... Nd2) 25. Bxe4 Nxe4+ {[%cal Ge4f2,Ge4d6] PRIMEL}) 21.
f4 (21. Rhf1 e3+ 22. Kxe3 Ng4+ 23. Kd4 (23. fxg4 $2 Re8+ 24. Kd4 Qe4#) 23...
Re8 $1 $19) 21... Re8 22. Kg1 Nf3+ $3 23. gxf3 exf3 24. Bf1 (24. Bd3 Qg4+ 25.
Kf1 Re2 $1 26. Bxe2 Qg2+ 27. Ke1 f2+ 28. Kd1 Qxh1+ 29. Kc2 Qxa1 30. Qc1 Qxc1+
31. Kxc1 Bg2 $19) 24... Qg4+ 25. Kf2 Qh4+ 26. Kg1 Re6 27. f5 Re4 28. Bd3 Qg4+
29. Kf1 Qh3+ 30. Kg1 Re2 $1 0-1

[Event "Lippstadt"]
[Site "Lippstadt"]
[Date "1994.??.??"]
[Round "4"]
[White "Gostisa, Leon F"]
[Black "Boensch, Uwe"]
[Result "0-1"]
[WhiteElo "2410"]
[BlackElo "2535"]
[Annotator "Hecht,H"]
[PlyCount "134"]
[EventDate "1994.06.??"]
[EventType "tourn"]
[EventRounds "11"]
[EventCountry "GER"]
[EventCategory "8"]
[SourceTitle "CBM 043"]
[Source "ChessBase"]
[SourceDate "1994.12.01"]
[SourceVersion "1"]
[SourceVersionDate "1994.12.01"]
[SourceQuality "1"]

1. d4 Nf6 2. c4 e6 3. Nc3 Bb4 4. Nf3 O-O 5. Bg5 d6 6. e3 Nbd7 7. Rc1 c5 8. Be2
b6 9. O-O Bxc3 10. Rxc3 Qc7 11. Rc1 Bb7 12. Qc2 Ne4 13. Bh4 f5 14. d5 Rae8 15.
Rcd1 Ndf6 16. Ng5 Nxg5 17. Bxg5 Ne4 18. Bh4 exd5 19. cxd5 g5 20. f3 gxh4 21.
fxe4 Rxe4 22. Bd3 Bxd5 23. Rxf5 Rxf5 24. Bxe4 Bxe4 25. Qxe4 Rf6 26. Qxh4 Qe7
27. Qg4+ Kh8 28. Rd3 Qf7 29. h3 Qxa2 30. Qc8+ Qg8 31. Qc7 Qg6 32. Qb8+ Kg7 33.
Qxa7+ Kh6 34. Qe7 Rf1+ 35. Kxf1 Qxd3+ 36. Kg1 Qb1+ 37. Kh2 Qxb2 38. Qxd6+ Kg7
39. Qe7+ Kg6 40. Qe4+ Kf6 41. Qh4+ Ke6 42. Qxh7 Qe5+ 43. Kh1 b5 44. Qg6+ Kd5
45. h4 c4 46. h5 b4 47. h6 b3 48. Qf7+ (48. Qg7 b2) 48... Kc5 49. Qg7 Qxg7 50.
hxg7 b2 51. g8=Q b1=Q+ 52. Kh2 Qe4 53. Qg7 Qh4+ 54. Kg1 Qe1+ 55. Kh2 c3 56.
Qd4+ Kb5 57. e4 Qd2 58. Qe5+ Ka4 59. Qe8+ Ka3 60. Qf8+ Kb2 61. Qf6 Qe3 62. g4
Kb1 63. Qf1+ Kb2 64. Qb5+ $2 (64. Qf6 $1) 64... Kc1 65. Qb3 (65. g5 c2 66. g6
Qh6+ 67. Kg3 Qxg6+ 68. Kf3 Qf6+ 69. Ke2 Qb2 70. Qf5 Kb1 71. e5 Qb5+ 72. Kd2
Qb4+ 73. Ke2 Kb2 $19) 65... Kd2 66. Qb4 Ke2 67. Qb3 Kf3 $3 {Matt oder
Damentausch} 0-1